Famous People by Picture Clue #6 - Statistics

General Stats
  • This quiz has been taken 181 times
  • The average score is 9 of 15
Answer Stats
Picture Answer % Correct
Alicia {Keys}
96%
Freddie {Mercury}
93%
George {Bush}
88%
Andrew {Garfield}
87%
Carrie {Fisher}
78%
Christian {Bale}
77%
Buddy {Holly}
73%
Eminem
63%
Karen {Carpenter}
53%
Irving {Berlin}
50%
Harry {Styles}
47%
Roger {Bannister}
46%
Wilson {Pickett}
45%
Jeff {Goldblum}
39%
Clarence {Birdseye}
11%
No matching quizzes found
Score Distribution
Percent of People with Each Score
Percentile by Number Answered
Your Score History
You have not taken this quiz